| 000 | 00375nam a22001337a 4500 | ||
|---|---|---|---|
| 020 | _a9781402732041 | ||
| 040 | _cNUST | ||
| 082 | _a745.5941 RED | ||
| 100 |
_aRedHat, Ruby _9111356 |
||
| 245 | _aRed Hat Society Playful Paper Projects & Party Ideas | ||
| 260 |
_aNew York: _bSterling publishing, _c2006. |
||
| 650 |
_aParty Decorations-Paper Work _9111357 |
||
| 942 |
_2ddc _cBK |
||
| 999 |
_c594244 _d594244 |
||